| 000 | 00928nam0a22002651 4500 | ||
|---|---|---|---|
| 001 | rc\4582671 | ||
| 005 | 20260407073228.0 | ||
| 021 |
_aRU _bРг474-67 |
||
| 035 | _a(NLR Aleph) 008380189 | ||
| 090 |
_a9112593 _c9112593 |
||
| 100 | _a20130416d1966 |||y0rusy50 ca | ||
| 101 | 0 | _arus | |
| 102 | _aRU | ||
| 105 | _ay z ||||| | ||
| 200 | 1 |
_aРекомендация о минимальном возрасте допуска на подземные работы в шахтах и рудниках _fМеждунар. конференция труда |
|
| 210 |
_aБ. м. _cБ. и. _d[1966] |
||
| 215 |
_a3 с. _d24 |
||
| 225 | 1 |
_aРекомендация _v124 |
|
| 300 | _aБез тит. л. и обл. | ||
| 710 | 0 | 2 |
_aМеждународная конференция труда _3RU\NLR\AUTH\883110 _9277383 |
| 801 | 0 |
_aRU _bNLR _gpsbo |
|
| 801 | 1 |
_aRU _bELAR _2rusmarc |
|
| 852 |
_aNLR _j67-7/142 |
||
| 942 | _cBOOK | ||
| 980 | _aNB | ||